[Event "RUS-ch 68th"]
[Site "Chita"]
[Date "2015.08.14"]
[Round "6"]
[White "Svidler, Peter"]
[Black "Lysyj, Igor"]
[Result "1-0"]
[WhiteElo "2739"]
[BlackElo "2673"]
[Annotator "Sagar Shah"]
[PlyCount "81"]
[EventDate "2015.08.09"]
[EventType "tourn"]
[EventRounds "11"]
[EventCountry "RUS"]
[EventCategory "18"]
[SourceTitle "CBM 168"]
[Source "ChessBase"]
[SourceDate "2015.09.14"]
[SourceVersion "1"]
[SourceVersionDate "2015.09.14"]
[SourceQuality "1"]

1. Nf3 Nf6 2. g3 d5 3. Bg2 e6 4. O-O Be7 5. d3 O-O 6. Nbd2 c5 7. e4 Nc6 8. Re1
{We have the main position of the King's Indian Attack where Black has two
main options here. One is to go for instant queenside expansion with 8...b5
and the other is what was played in the game.} Qc7 9. Qe2 (9. e5 {is the main
line and the continuation would be something like} Nd7 10. Qe2 b5 11. Nf1 a5
12. h4 {[%cal Gf1h2]} Ba6 13. Bf4 b4 14. Ne3 Nb6 15. Ng4 {You can see how
clear battle-lines have been drawn with White attacking on the kingside while
Black is expanding on the queenside. It's a very exciting position which one
must study in order to improve one's attacking and defensive abilities.}) 9...
b5 10. exd5 {Though the great majority of players have pushed ahead with e4-e5,
Svidler goes for the exchange of pawns. It shouldn't really give him any hopes
of an advantage but I guess more than an edge he was looking for an original
position.} exd5 11. a4 bxa4 {Unconventional but not at all bad.} (11... b4 {
would be a normal choice.} 12. Nb3 Re8 13. Bf4 Qb6 {with an interesting
position.}) 12. Rxa4 Re8 13. Qd1 h6 14. Nb3 Be6 (14... Qb6 15. Bf4 Bd7 {
is a much more subtle way to play. As in the game, the bishop on e6 is not so
well placed and allows White to get a solid edge.} 16. Ra1 a5 $15) 15. Bf4 Qb6
16. Ne5 $1 $14 Nxe5 17. Bxe5 {The defects of Black's position start becoming
apparent. All his pawns are being attacked by White. For example,. the knight
on b3 attacks c5, the bishop on g2 keeps an eye on d5 and the rook on a4
pressurises the a7-pawn. All in all it is not so easy to play this position
for Black.} Nd7 (17... a5 18. Qa1 $14) 18. Bc3 Bf6 19. Qa1 $1 {A nice little
idea to triple the pieces down the a-file.} a6 20. h3 Rec8 21. Qa3 Ra7 22. Bxf6
Nxf6 23. Ra1 c4 24. Rb4 Qd8 25. Nd4 Bd7 26. dxc4 dxc4 {We reach this position
after a series of logical moves. There are many things going on here but a
good player is always able to find the key point that matters. The a6 pawn is
a weakness and great players of the past have told us a very important concept
about weaknesses in chess: Before attacking a weakness you must firmly
blockade it. It makes sense to block the a-pawn with the move Qa5!} 27. Qa5 $1
(27. c3 $6 {is a lazy move which throws away the bulk of the advantage that
White has.} a5 $1 28. Rb7 Rxb7 29. Bxb7 Rb8 30. Bg2 Qb6 31. Qxa5 Qxb2 $132 {
Black has decent counterplay and the position is round about equal.}) 27... Qe7
28. Rb6 Rc5 (28... c3 29. b4 $16) 29. Rb8+ Kh7 30. Qb6 Rac7 31. c3 (31. Qxa6
$16 {There was nothing wrong with taking the pawn but Svidler would like to
maintain much greater control on the position.}) 31... Bb5 (31... Bc8 {It was
much more important to defend the pawn from here and also keep an eye on the
kingside.}) 32. Rb7 $1 {Exchanging a pair of rooks weakens the a6 pawn.} Rxb7
33. Qxb7 Qxb7 (33... Rc7 34. Qb6 Qe5 $16 {was much better than the game. After
the exchange of queens it is much easier for White.}) 34. Bxb7 Bd7 35. Bxa6
Bxh3 36. Ra4 Re5 37. Bxc4 $18 {With two connected passers it should not be too
difficult for Svidler to win.} Re1+ 38. Kh2 Bf1 39. Nf3 Rc1 40. Bxf7 Rc2 $2 {
A bad mistake which abruptly brings the game to an end.} (40... Bb5 41. Rb4 Bc6
42. Kg2 g5 43. Rb6 Be4 44. Rxf6 g4 45. Bg6+ $1 Bxg6 46. Nd4 Be4+ 47. f3 gxf3+
48. Kf2 {With careful play White should win here.} Rd1 49. b4 $18) 41. Ne5 $1 {
Bg6 followed by Ra8 cannot be prevented and hence Lysyj resigned.} 1-0

[Event "ESP-chT CECLUB Honor"]
[Site "Linares"]
[Date "2014.09.06"]
[Round "3.1"]
[White "Svetushkin, Dmitry"]
[Black "Kryvoruchko, Yuriy"]
[Result "1/2-1/2"]
[WhiteElo "2580"]
[BlackElo "2708"]
[Annotator "Sagar Shah"]
[PlyCount "91"]
[EventDate "2014.09.04"]
[EventType "team-tourn"]
[EventRounds "7"]
[EventCountry "ESP"]
[SourceTitle "CBM 163"]
[Source "ChessBase"]
[SourceDate "2014.11.11"]
[SourceVersion "1"]
[SourceVersionDate "2014.11.11"]
[SourceQuality "1"]
[WhiteTeam "Extremadura Magic"]
[BlackTeam "Merida"]
[WhiteTeamCountry "ESP"]
[BlackTeamCountry "ESP"]

{This game in the Spanish team championship is one of the most original and
interesting fights I have ever seen in my chess career. Wonderful things
happen in this game and there are so many ideas and tactical motifs that one
can learn from this game, that it is well worth going over the moves with
great care.} 1. e4 c5 2. Nf3 e6 3. d3 {The King's Indian Attack, also known as
KIA has been tried by many strong grandmasters in the past. What attracts the
players is the simplicity of White's setup. If you like playing the King;s
Indian Defence from the black side then there is no reason why you shouldn't
try it with an extra tempo. One of the most famous players who has
intermittently played this system as White is none other than Robert James
Fischer.} Nc6 4. g3 d5 5. Qe2 (5. Nbd2 {is another way to play this position
not determining the Q's position on e2.} Nf6 6. Bg2 Be7 7. O-O O-O 8. Re1) (5.
Bg2 dxe4 6. dxe4 Qxd1+ 7. Kxd1) 5... Nf6 6. Bg2 Be7 7. O-O O-O 8. e5 (8. Nbd2
b5 {is a common opening setup.}) 8... Nd7 9. c4 (9. Nbd2 {[%cal Gf1e1,Gd2f1,
Gh2h4,Gf1h2,Gh2g4,Gf3g5,Gg4f6] has the very common plan of Re1 followed by Nf1,
h4, Bf4, N1h2, Ng4 and trying to bring all the pieces on to the kingside for
an attack.}) 9... b5 $5 {Not a novelty (played in 11 games prior to this) but
a very interesting move. Black doesn't want to be bogged down and cramped and
hence fights for the space advantage right from the word go. I am not sure
whether this pawn sacrifice is sound or not but it does remind me of Benko
Gambit like ideas.} (9... d4 {[%csl Ge4][%cal Gb1d2,Gd2e4,Gc1f4,Ge4d6] would
be an interesting move. One serious drawback of this move is that it gives up
the e4-square and in return Black doesn't even get the d5-square. But this has
been played before even by players like Karjakin, Sjugirov and Kryvoruchko
himself.} 10. h4 Qc7 11. Bf4 b6 12. Nbd2 $13) (9... f6 {is not as silly as it
looks.} 10. exf6 Nxf6 11. Nc3 $14 (11. Bh3 $6 e5 $1 $15)) (9... Qc7 10. Bf4 g5
$6 11. Nxg5 Bxg5 12. Bxg5 Qxe5 13. Qd2 $16) 10. cxb5 (10. cxd5 {is another way
to win a pawn.} exd5 11. Nc3 (11. e6 $6 Nb6 12. exf7+ Rxf7 $15) 11... Nb6 12.
Nxb5 a6 13. Nc3 Bg4 14. Re1 (14. h3 $5 Nd4 15. Qd1 Nxf3+ 16. Bxf3 Bxh3 17. Re1
Be6 18. Ne2 $1 $14 {[%cal Ge2f4]} (18. Bf4 $11)) 14... Rb8 15. Bf4 Nd4 16. Qd1
Ne6 $44 {Black has good compensation for the pawn thanks to his strong centre
and active pieces.}) 10... Na5 (10... Nd4 11. Nxd4 cxd4) 11. Nfd2 $5 {White is
playing extremely creatively. His idea is to defend the b5-pawn with a4 and
hence he goes for Nfd2. Why not Nbd2 you may ask. The b1N will be put to
better use on the a3-square.} (11. Bf4 a6 $1 12. bxa6 Bxa6 $44 {is typical
Benko like counterplay for Black.}) (11. Nbd2 a6 12. a4 Qb6 $15) (11. Qc2 $1 {
[%cal Ga2a4,Gb1a3] Is the best move to take b3-square under control and then
go for a4 with the idea of Na3.} a6 12. a4 Bb7 (12... Qb6 13. Na3 $1 $16) 13.
Na3 axb5 14. axb5 $14 (14. Nxb5 Ba6 $44)) (11. d4 a6 12. Nc3 axb5 13. Nxb5 Ba6
14. a4 Nb3 $17 {[%cal Gb3a1,Gb3d4]}) (11. Nc3 a6 12. bxa6 Bxa6 $44) 11... a6
12. a4 Nb6 13. b3 (13. Na3 $2 {drops the a4-pawn.} Nxa4) (13. Nc3 {might well
be the best move here.} Bd7 14. f4 $14) 13... axb5 14. axb5 Bd7 {This seems
like a very natural move by Kryvoruchko. However he had an excellent way of
co-ordinating his pieces and rerouting them to better squares.} (14... Nc6 $1 {
is a very unique and nice discovered attack.} 15. Rxa8 Nd4 16. Qg4 Nxa8 $11 {
And Black has equalised mainly because his once passive N is now the pride of
the position on d4.}) 15. Na3 (15. Nc3 Qe8 16. Rb1 Bxb5 17. Nc4 $5 {is a
tactic similar to the game but Black can defend with} Ra6 $1 $11) (15. Nc4 $2 {
is a little too early.} dxc4 (15... Nxb3 16. Rxa8 Nxa8) 16. Bxa8 Nxb3 $1 $17)
15... Qe8 $6 {This gives White the chance to execute his dangerous piece
sacrifice.} (15... Nc8 $1 {[%cal Gc8a7] with the idea of Na7 and taking on b5
was the best.} 16. Nac4 Bxb5 $1 $11) 16. Nac4 $1 (16. d4 $6 c4 17. bxc4 Naxc4
$15) (16. Ndc4 {is not effective as now the b3 pawn is unprotected.} dxc4 (
16... Nxb3 17. Nxb6 Nxa1 18. Nxa8 Qxa8 19. Qb2 $16) 17. Bxa8 Nxb3 $17) 16...
dxc4 17. bxc4 $1 (17. Bxa8 $5 cxd3 18. Qxd3 Bxb5 19. Qc3 Bxf1 20. Qxa5 (20. Bf3
Nc6 21. Nxf1 Nd4 $15) 20... Nxa8 21. Nxf1 $11 {So taking the R is just good
enough for equality.}) (17. Nxc4 $2 Nxb3 18. Bxa8 Nxa8 $1 $17 (18... Nxc4 $5
19. Ra7 Nd4 $19)) 17... Nc6 $5 (17... Ra7 18. Nb3 $16) (17... Nb7 18. Bb2 Rxa1
19. Rxa1 $16) 18. Bb2 $1 (18. Rxa8 Nd4 $1 19. Qg4 Nxa8 $13) (18. bxc6 Rxa1 19.
cxd7 Qxd7 $15) 18... Rxa1 19. Rxa1 Nb4 (19... Nd4 20. Bxd4 cxd4 21. Nb3 Qb8 22.
Nxd4 $14) 20. Ne4 $1 {Calmly played. What does White have in this position for
a piece deficit. First of all of course White has two pawns. Not only that,
his pawns are excellently placed on d3-c4-b5 limiting the scope of black
pieces. At the same time look at the quality of the White pieces. The B on g2
is strong and so is the B on b2. The N on e4 stands majestically on a central
square and the R is well placed on the open a-file. All in all White's quality
is greater than the black quantity.} (20. d4 $6 cxd4 21. Bxd4 Nc2 22. Bxb6 Nxa1
23. Qd3 $13) 20... Kh8 (20... Z0 {The threat is of course to play Nf6+} 21.
Nf6+ gxf6 22. Qg4+ Kh8 23. exf6 $18) (20... Qd8 21. Bc3 {What should Black do
here. He doesn't really have any plan. Maybe the only one can be to attack the
pawn on d3.} (21. Nf6+ gxf6 $19) 21... Bc8 (21... Be8 {[%cal Ge4f6,Gg7f6,Ge5f6,
Ge7f6,Ge2g4,Gg8h8] The problem is that the Q on d8 is now undefended.} 22. Nf6+
$3 gxf6 23. Qg4+ Kh8 24. exf6 Bxf6 25. Qh4 $3 $18 {Now you can understand why
I said that the Q on d8 is undefended.} Kg7 26. Qg5+ $18) 22. Ra7 $1 $16 Nxd3
23. Ba5 $1 Nxe5 24. Rxe7 (24. Bxb6 Qxb6 25. Rxe7 Ng6 $19) 24... Qxe7 25. Bxb6
$16) 21. Nf6 Qd8 (21... gxf6 22. exf6 Bd6 23. Qh5 {[%cal Gg2e4]} Rg8 24. Be4
$18 Rg6 25. Bxg6 fxg6 26. f7+ $18) 22. Qh5 (22. Be4 {was maybe a tad stronger.}
h6 (22... gxf6 23. exf6 Bxf6 24. Qh5 $18) 23. Qh5 $40 {with a strong attack.}
Be8 (23... Bc8 24. Ng4 $18 {With a strong sac coming up on h6.}) 24. Bc1 {
[%cal Gc1h6]} Bxf6 25. Bxh6 g6 26. Qh3 $18) 22... Bxf6 $1 {The only defensive
move.} (22... gxf6 23. exf6 Bxf6 24. Be4 $18) (22... h6 23. Be4) 23. exf6 g6
24. Qh6 Rg8 25. Be4 {White doesn't really have a killer blow as yet but what
should Black do? His N on b6 has no good squares. The R on g8 is stuck there
to stop a mate on g7. The B on d7 cannot really hope to find a good diagonal.
On the other hand White has a killer idea with h4-h5. All in all a very
difficult position for Black to defend. Kryvoruchko tries his best.} Nc2 (25...
Qf8 26. Qg7+ (26. Qxf8 Rxf8 27. Be5 $18 {is also a strong idea.}) 26... Rxg7
27. fxg7+ Qxg7 28. Bxg7+ Kxg7 29. Ra7 $18) (25... Nxd3 $1 {was a shrewd
defensive idea which could have given Black some chances.} 26. Bxd3 Bxb5 $1 27.
cxb5 Qxd3 {The material equality is established but White's advantage has
diminished. The N on b6 which was hitherto quite passive is now doing an
excellent role of blocking the pawn and can move into the centre with Nd5 at
an appropriate moment.} 28. h4 $1 $14) 26. Ra7 $1 $18 Nc8 (26... Nd4 27. Bxd4
cxd4 28. c5 Nc8 29. Rb7 $18 {[%csl Gb5,Gc5] These two pawns will do the trick.}
) 27. Ra8 Nd4 28. Bxd4 cxd4 29. Qf4 $1 (29. b6 $2 Qxb6 30. Bxg6 Rxg6 31. Qf8+
Rg8 32. Qxf7 Qb1+ 33. Kg2 Bc6+ $19 {would be a very swift counter-attack.})
29... Qb6 30. Rb8 $2 {White has played excellently till this point but goes
wrong with this move. It was not necessary to attack the Q because there was
no threat at all. Instead pushing the h-pawn would have finished the game.} (
30. h4 $1 Qc5 (30... Nd6 31. Ra6 $18 (31. Rxg8+ Kxg8 32. Bc6 $3 Qc7 33. c5 $18)
) 31. Qh6 Qe5 (31... Qh5 $2 32. Qxh5 gxh5 33. Ra6 $18 {[%cal Gb5b6,Gb6b7]}) 32.
b6 Qxf6 33. b7 $18) 30... Qc5 31. h4 (31. Qh6 $1 Qe5 32. Rb7 (32. b6 Qxb8)
32... Be8 33. Qf4 Qxf4 34. gxf4 Nd6 35. Rc7 $16 {White still has the better
chances in this endgame.}) 31... e5 $2 (31... Nd6 {was the best.} 32. Qh6 Ne8
33. Qg5 Qxg5 34. hxg5 Nd6 35. Rb6 $14 Nxe4 36. dxe4 Rc8 37. Rd6 Be8 38. Rxd4
$14 {White has a stronger position but Black can fight on with} h6 $1) 32. Qg5
$6 (32. Qh6 $3 {was the winning move and mind you it has a fantastic idea.
White sacrifices all his pieces to queen the f-pawn.} Qc7 (32... Qd6 33. Rb7 $1
(33. h5 Qxf6) 33... Nb6 34. h5 Qxf6 35. hxg6 fxg6 36. c5 $18) 33. h5 $1 Qxb8
34. hxg6 fxg6 35. Bxg6 $3 {What a beautiful finish} (35. f7 $2 Qd6 (35... Nd6
36. Bxg6) 36. Bxg6 Qxg6 37. f8=Q Qxh6 (37... Rxf8 38. Qxf8+ Qg8 39. Qf6+ Qg7
40. Qd8+) 38. Qxh6) 35... Rxg6 36. f7 $1 Ne7 37. f8=Q+ Qxf8 38. Qxf8+ Ng8 39.
Qd8 $18 {The white pawns will be unstoppable.}) 32... Nd6 {Now it is not so
easy to win this position for White. Such is the volatility of the position.
It can swing from being favourable for one side to another in just one move.}
33. Bxg6 $5 (33. Rxg8+ Kxg8 34. Qh6 Ne8 $15) 33... Bc8 $1 {Kryvoruchko finds
the only move.} (33... fxg6 $2 34. f7 $18) (33... Rxb8 34. Qh6 $18) 34. h5 Qc7
(34... Qb4 {would also have drawn but only through a miraculous defence.} 35.
Qh6 fxg6 36. hxg6 Rxg6 37. f7 $1 Qe1+ 38. Kg2 Rxg3+ $3 39. fxg3 (39. Kxg3 Qg1+
40. Kf3 Qg4#) 39... Qe2+ 40. Kg1 Qe1+ $11) 35. Ra8 (35. Qxe5 hxg6 (35... Qxb8
$2 36. Bxf7 $1 Rf8 37. Bd5 $18) 36. hxg6 Rxg6 37. Rxc8+ $1 Qxc8 38. Qxd6 $11 {
And even though Black is a rook up, this position will end in a draw because
it is not so easy to pick up the f6 pawn.} Kh7 39. b6 Qb7 40. Qxd4 (40. c5 Rh6
$19) 40... Qc6 (40... Rh6 41. Qe4+ $18) 41. c5 Rg5 42. Qh4+ Kg6 43. d4 $11 {
Equal might not be the correct evaluation. The position is complicated. But I
would put my money on the white pawns that looks really threatening rather
than the black rook.}) 35... Qb7 $1 (35... fxg6 $2 36. f7 $1 Qxf7 (36... Nxf7
37. Qf6+ Rg7 38. h6 $18) 37. Qxe5+ Qg7 38. Qxd6 $18) 36. Qh6 $1 {once again
the only move:} fxg6 37. hxg6 Rxg6 38. Qf8+ Rg8 39. Qxd6 Qxa8 40. f7 {It looks
as if it's all over for Black.... but he has the only defensive move} Rxg3+ $3
41. fxg3 Qa1+ 42. Kf2 Qa2+ 43. Kf3 Qa8+ 44. Kf2 (44. Qd5 Bb7 $19) 44... Qa2+
45. Kf3 Qa8+ 46. Kf2 {A fierce game with so many ideas! Hats off to both the
players Svetushkin and Kryvoruchko for playing such a fantastic game.} 1/2-1/2

[Event "EU-Cup 31st"]
[Site "Skopje"]
[Date "2015.10.21"]
[Round "4.1"]
[White "Nepomniachtchi, Ian"]
[Black "Svane, Rasmus"]
[Result "1-0"]
[WhiteElo "2705"]
[BlackElo "2543"]
[Annotator "Schulz,Andre"]
[PlyCount "67"]
[EventDate "2015.10.18"]
[EventType "team-swiss"]
[EventRounds "7"]
[EventCountry "MKD"]
[SourceTitle "CBM 169"]
[Source "ChessBase"]
[SourceDate "2015.11.10"]
[SourceVersion "1"]
[SourceVersionDate "2015.11.10"]
[SourceQuality "1"]
[WhiteTeam "SHSM Legacy"]
[BlackTeam "Hamburger SK"]
[WhiteTeamCountry "RUS"]
[BlackTeamCountry "GER"]

1. e4 e6 2. Qe2 c5 3. g3 Nc6 4. c3 g6 5. Bg2 Bg7 6. f4 Nge7 7. Nf3 O-O 8. O-O
d6 9. Na3 a6 10. Nc2 b5 11. d4 cxd4 12. cxd4 b4 13. Rd1 a5 14. Be3 Ba6 15. Qf2
d5 16. e5 Qb6 17. g4 a4 18. Nce1 Na5 19. Qh4 f6 20. exf6 Bxf6 21. Ng5 Rf7 (
21... Bxg5 $5 22. Qxg5 Qd6 23. f5 (23. Nf3 Be2) 23... exf5 24. Bf4 Qd7 $11) 22.
Nef3 Nc4 23. Bc1 Nc6 24. Kh1 Raf8 25. Qh6 Nxd4 26. Nxd4 Bxd4 27. Nxf7 Rxf7 {
[#] Schwarz hat hier auf Augenhöhe mit dem russischen Topspieler mitgespielt
und den Druck an seinem Königsflügel ausgehalten. In etwas
unübersichtlicher Stelllung läuft ihm jetzt die Partie jedoch aus dem Ruder.}
28. f5 exf5 29. Re1 {[#]} Qc6 $2 {Will e8 und d5 decken.} ({Möglich war} 29...
Nd6 {da} 30. Bxd5 {an} (30. gxf5 Ne4) 30... Bb7 {scheitert.}) ({Oder auch} 
29... Bb5 30. gxf5 (30. Bxd5 $2 Bc6 $19) 30... Bg7 31. Qh3 Rxf5 32. Bh6 Qd8 $11
) 30. gxf5 {Es droht vor allem Te6} Bg7 $2 (30... Be5 31. Bf4 Rxf5 32. Bxe5
Nxe5 33. Qh4 $40) 31. Qh4 Bb7 (31... Rxf5 32. Qd8+ Bf8 33. Bh6 $18) 32. Bh6 (
32. Re6 Qd7 33. fxg6 hxg6 34. Rxg6 $18) 32... Bxh6 33. Qxh6 gxf5 34. Re6 1-0

[Event "Arnhem Euwe Stimulans-A"]
[Site "Arnhem"]
[Date "2007.08.21"]
[Round "5"]
[White "Simutowe, Amon"]
[Black "Panno, Oscar"]
[Result "1/2-1/2"]
[WhiteElo "2421"]
[BlackElo "2457"]
[Annotator "Simutowe,A"]
[PlyCount "49"]
[EventDate "2007.08.17"]
[EventType "tourn"]
[EventRounds "9"]
[EventCountry "NED"]
[EventCategory "7"]
[SourceTitle "CBM 119 Extra"]
[Source "ChessBase"]
[SourceDate "2007.09.04"]
[SourceVersion "1"]
[SourceVersionDate "2007.09.04"]
[SourceQuality "1"]

1. e4 e6 2. d3 d5 3. Nd2 Nf6 4. Ngf3 c5 5. g3 g6 6. c3 $2 {This not a good
idea....White would lose a tempo with implementing the text idea of e5
followed by d4.} Nc6 7. e5 Nd7 8. d4 cxd4 (8... Qb6 9. Nb3 (9. dxc5 {also
leaves Black better because of} Bxc5 10. Qe2 Qc7 11. Nb3 Bf8 12. Bf4 Bg7 13.
Nbd4 Ndxe5 14. Nxc6 Nxf3+ 15. Qxf3 Qxc6 {with an advantage for Black.}) 9... a5
10. a4 cxd4 11. cxd4 Bb4+ 12. Bd2 Bxd2+ 13. Kxd2 {is better for Black.
Recapturing with any other piece loses material.}) 9. cxd4 f6 (9... Qb6 10. Qa4
(10. Nb3 a5 11. a4 Bb4+ {transposes to the variation mentioned above, where
Black is better.})) 10. exf6 Qxf6 11. Qe2 (11. Nb3 {is not good because of}
Bb4+ 12. Bd2 Bxd2+ 13. Nbxd2 {losing the d-pawn because of ...Nd4.} (13. Qxd2 {
leaves the knight on f4 unprotected.})) 11... Nb6 12. Bh3 Bg7 13. Nb3 O-O 14.
Bg2 (14. Bf4 e5 15. dxe5 Nxe5 16. Bxe5 Qxf3 17. Qxf3 Rxf3 18. Bg2 {would have
left White with a slight advantage because of his control of the d4 - square.})
14... e5 15. dxe5 Nxe5 16. Nxe5 Qxe5 17. Qxe5 Bxe5 18. O-O Bf5 19. Rd1 Rfe8 20.
Kf1 (20. Bxd5+ Nxd5 21. Rxd5 Rac8 {is risky for White. Black pieces are well
developed and the light-squared bishop is very strong.}) 20... Rac8 21. Nd4 Bg4
22. Rd3 Kg7 23. h3 Bd7 24. Bd2 Na4 25. Bc3 1/2-1/2